Guess the Taylor Swift song no hints #20 - Statistics

General Stats
  • This quiz has been taken 92 times
  • The average score is 146 of 233
Answer Stats
Answer % Correct
I
100%
a
97%
A
97%
me?
97%
me
97%
the
94%
you
94%
it
90%
my
90%
and
88%
And
88%
be
88%
to
88%
love
87%
all
86%
do
84%
no
83%
No
83%
Is
81%
I'm
80%
where
80%
In
75%
in
75%
like
75%
of
74%
What
74%
what
74%
don't
72%
one
71%
but
70%
too
70%
for
67%
lakes
67%
not
67%
how
64%
went
64%
Take
61%
with
61%
With
61%
Cause
59%
die
59%
I've
59%
off
59%
out
59%
are
58%
poets
58%
want
57%
belong
55%
over
54%
up
54%
place
51%
here
49%
look
49%
beloved
48%
cry
48%
neither
48%
without
48%
heart
46%
sad
46%
should
46%
some
46%
Those
46%
romantic
45%
Tell
45%
perfect
43%
these
43%
These
43%
around
42%
haven't
42%
muse
42%
right
42%
come
39%
cut
39%
eulogize
39%
rose
39%
auroras
38%
grow
38%
peaks
38%
setting
38%
under
38%
watch
38%
years
38%
feet
36%
prose
36%
bare
35%
elegies
35%
moved
35%
red
35%
tweet
35%
far
33%
hurt
33%
worth
33%
cell
32%
grew
32%
hunters
32%
phones
32%
skin
32%
stopping
32%
wisteria
32%
words
32%
bathe
30%
cliffside
30%
frozen
30%
ice
30%
waves
30%
Windermere
30%
cynical
29%
ground
29%
burrowed
28%
namedropping
28%
pools
28%
grief
26%
sleaze
26%
clones
25%
calamitous
23%
insurmountable
23%
While
23%
No matching quizzes found
Score Distribution
Percent of People with Each Score
Percentile by Number Answered
Your Score History
You have not taken this quiz